logo

Bir Sreshtho Munshi Abdur Rouf Library
Jhenaidah Cadet College

Truth is Come / (Record no. 6268)

MARC details
000 -LEADER
fixed length control field 00553nam a22002297a 4500
001 - CONTROL NUMBER
JCCL Control Number 6268
003 - CONTROL NUMBER IDENTIFIER
JCCL marc code BD-JhCC
005 - DATE AND TIME OF LATEST TRANSACTION
control field 20180118173310.0
008 - FIXED-LENGTH DATA ELEMENTS--GENERAL INFORMATION
fixed length control field 180118s1974 bg |||| |||| 00| 0 eng d
035 ## - SYSTEM CONTROL NUMBER
system control number (BD-JhCC)6268
040 ## - CATALOGING SOURCE
Original cataloging agency BD-JhCC
Modifying agency BD-JhCC
041 ## - LANGUAGE CODE
Language code of Book eng
082 ## - DEWEY DECIMAL CLASSIFICATION NUMBER
Classification number 297
Author mark and Year SID 1974
100 ## - MAIN ENTRY--PERSONAL NAME
Personal name Siddiqui, S. A.
245 ## - TITLE STATEMENT
Title Truth is Come /
Statement of responsibility, etc S. A. Siddiqui
260 ## - PUBLICATION, DISTRIBUTION, ETC. (IMPRINT)
Place of publication, distribution, etc Chittagong ,
Name of publisher, distributor, etc Rafiq Manzil :
Date of publication, distribution, etc 1974.
300 ## - PHYSICAL DESCRIPTION
Pagination 86 p. :
Dimensions 22 cm
504 ## - BIBLIOGRAPHY, ETC. NOTE
Bibliography, etc Includes Bibiography
650 ## - SUBJECT ADDED ENTRY--TOPICAL TERM
Topical term or geographic name as entry element Islam
942 ## - ADDED ENTRY ELEMENTS (KOHA)
Source of classification or shelving scheme Dewey Decimal Classification
Koha item type Books
Holdings
Source of classification or shelving scheme Damaged status Not for loan Home library Current library Shelving location Date of accession Cost, normal purchase price Total Checkouts Full call number Barcode Date last seen Copy number Koha item type
Dewey Decimal Classification     JCC Rouf Library JCC Rouf Library General Stacks 01/18/2018 10.00   297 SID 1974 539 01/18/2018 C-1 Books

JCC Library | Contacts | JCC Home

Last Update on 23 September 2017
Copyright @ 2017-2020 JCC Rouf Library
Rouf Library, Jhenidah Cadet College (JCC), Bangladesh